[Event "Egypt Open 2016"]
[Site "Eastern Company Club"]
[Date "2016.04.28"]
[Round "9"]
[Board "9"]
[White "El Amary, Kamal"]
[Black "Sayed Hassan, Mohamed"]
[Result "0-1"]
[WhiteElo "2281"]
[BlackElo "2177"]
[PlyCount "113"]
[EventDate "2016.04.22"]
[EventRounds "9"]
[EventCountry "EGY"]

1. Nf3 Nf6 2. g3 d5 3. Bg2 Bf5 4. c4 c6 5. Qb3 Qb6 6. d3 dxc4 7. Qxc4 e5 8. O-O
Bd6 9. b3 O-O 10. Bb2 Nbd7 11. Nbd2 Qc7 12. Qc2 Rfe8 13. Nh4 Be6 14. Nc4 Bf8
15. a4 Rad8 16. Rfd1 Nd5 17. a5 Nb4 18. Qc3 f6 19. Ba3 Nd5 20. Qc2 c5 21. Rdc1
Nb8 22. Nf3 Nc6 23. Qd2 b5 24. axb6 axb6 25. Qc2 Rc8 26. e3 Red8 27. Ne1 b5 28.
Nd2 Ncb4 29. Qb2 Qd7 30. e4 Ne7 31. Bxb4 cxb4 32. Rxc8 Rxc8 33. Rc1 Nc6 34.
Ndf3 Na5 35. Rxc8 Qxc8 36. d4 Qc3 37. Qxc3 bxc3 38. Bf1 b4 39. dxe5 Bxb3 40.
exf6 gxf6 41. Nd4 Bd1 42. Nb5 c2 43. Nxc2 Bxc2 44. Nd4 Bd1 45. Bd3 Bc5 46. Ne6
Bb6 47. Nf4 b3 48. Kf1 Bc2 49. Ke2 Bxd3+ 50. Nxd3 Nc4 51. Kd1 Bd4 52. Kc1 b2+
53. Nxb2 Nxb2 54. Kc2 Kf7 55. Kd2 Ke6 56. Ke2 Ke5 57. Kd2 0-1

[Event "Egypt Open 2016"]
[Site "Eastern Company Club"]
[Date "2016.04.28"]
[Round "9"]
[Board "10"]
[White "Ismail, Reda"]
[Black "Lauridsen, Jesper Morch"]
[Result "0-1"]
[WhiteElo "2129"]
[BlackElo "2275"]
[PlyCount "29"]
[EventDate "2016.04.22"]
[EventRounds "9"]
[EventCountry "EGY"]

1. d4 d5 2. c4 e6 3. Nc3 c5 4. cxd5 cxd4 5. Qa4+ Bd7 6. Qxd4 exd5 7. Qxd5 Nf6
8. Qd3 Na6 9. Nf3 Nc5 10. Qc2 a6 11. g3 Nce4 12. Be3 Qa5 13. Bd4 Bf5 14. Nh4
Nxc3 15. Qxf5 0-1

[Event "Egypt Open 2016"]
[Site "Eastern Company Club"]
[Date "2016.04.28"]
[Round "9"]
[Board "11"]
[White "Hussain, Abdel Naser"]
[Black "El Arousy, Abdul Hameed"]
[Result "1/2-1/2"]
[WhiteElo "1884"]
[BlackElo "2265"]
[PlyCount "160"]
[EventDate "2016.04.22"]
[EventRounds "9"]
[EventCountry "EGY"]

1. d4 Nf6 2. Nf3 e6 3. g3 b5 4. a4 b4 5. Bg2 Bb7 6. O-O c5 7. a5 Na6 8. c3 Be7
9. Bg5 O-O 10. Nbd2 Ne4 11. Bxe7 Qxe7 12. Ne5 f5 13. Nxe4 fxe4 14. dxc5 bxc3
15. b4 Nxb4 16. Qb3 Nc6 17. a6 Bc8 18. Qxc3 Nxe5 19. Qxe5 Rf5 20. Qxe4 Rb8 21.
c6 dxc6 22. Qxc6 Rc5 23. Qa4 Rb6 24. Rfc1 Rxc1+ 25. Rxc1 Bxa6 26. Rc7 Qf8 27.
Qd7 Rd6 28. Qa4 Bxe2 29. h3 a6 30. Ra7 Bb5 31. Qc2 Rd7 32. Ra8 Rd8 33. Ra7 Qd6
34. Qc3 Qd4 35. Qc7 Rf8 36. Kh2 Rxf2 37. Qc8+ Rf8 38. Qxe6+ Kh8 39. Rf7 Rg8 40.
Qf5 Bd3 41. Qf3 h6 42. h4 Bg6 43. Re7 Rb8 44. h5 Qc5 45. Re6 Bxh5 46. Qf4 Rf8
47. Re5 Qc8 48. Qe3 Re8 49. Bf1 a5 50. Bd3 Bf7 51. Qe4 g6 52. Bc4 Qb8 53. Rxe8+
Qxe8 54. Qd4+ Kh7 55. Qa7 Kg7 56. Bxf7 Qxf7 57. Qxa5 Qf2+ 58. Kh1 h5 59. Qc7+
Kh6 60. Qc1+ Kg7 61. Qc7+ Qf7 62. Qc6 Qf6 63. Qc7+ Kh6 64. Kh2 Qf2+ 65. Kh3
Qf5+ 66. Kh2 Qf2+ 67. Kh3 Qf3 68. Qc4 g5 69. Qc1 Qg4+ 70. Kh2 Qf5 71. Qd2 Qf6
72. Qc2 Qd6 73. Qc8 Qd2+ 74. Kh1 Qe1+ 75. Kg2 Qd2+ 76. Kg1 Qe2 77. Qh8+ Kg6 78.
Qb8 Qe6 79. Kg2 h4 80. Qb4 Kf5 1/2-1/2

[Event "Egypt Open 2016"]
[Site "Eastern Company Club"]
[Date "2016.04.28"]
[Round "9"]
[Board "12"]
[White "Ashraf, Shereif"]
[Black "Ahmed, Ali Layth Ahmed"]
[Result "0-1"]
[WhiteElo "2073"]
[BlackElo "2257"]
[PlyCount "86"]
[EventDate "2016.04.22"]
[EventRounds "9"]
[EventCountry "EGY"]

1. c4 Nf6 2. Nf3 c5 3. b3 e6 4. Bb2 b6 5. e3 Bb7 6. Be2 Be7 7. Qc2 Nc6 8. a3 d5
9. cxd5 exd5 10. d3 O-O 11. O-O Rc8 12. Nbd2 Re8 13. Rfe1 Bd6 14. Bf1 Rc7 15.
Rad1 d4 16. exd4 Nxd4 17. Bxd4 cxd4 18. Qb2 Rxe1 19. Rxe1 Bf4 20. b4 h6 21. Be2
Qd5 22. Nb3 Be5 23. Bf1 Rc3 24. Nbd2 Bf4 25. Nb1 Qh5 26. Nxc3 Bxf3 27. h3 dxc3
28. Qxc3 Bb7 29. Qd4 Qg5 30. Re7 Bd5 31. Rxa7 Be5 32. Qe3 Qf5 33. a4 Bb8 34.
Re7 Bd6 35. Ra7 Kh8 36. Ra6 Bb7 37. Rxb6 Qc8 38. f3 Bb8 39. Qe2 Qc1 40. Rb5
Ba7+ 41. Kh2 Kh7 42. Kg3 Bb8+ 43. f4 Qxf4# 0-1

[Event "Egypt Open 2016"]
[Site "Eastern Company Club"]
[Date "2016.04.28"]
[Round "9"]
[Board "14"]
[White "Abd El Fatah, Reda Fadel"]
[Black "Labib, Ibrahim Hasan"]
[Result "0-1"]
[WhiteElo "2130"]
[BlackElo "2424"]
[PlyCount "85"]
[EventDate "2016.04.22"]
[EventRounds "9"]
[EventCountry "EGY"]

1. e4 Nf6 2. e5 Nd5 3. d4 d6 4. c4 Nb6 5. exd6 exd6 6. Nc3 Be7 7. Be3 Nc6 8.
Nf3 Bf6 9. Be2 Bg4 10. b3 O-O 11. O-O d5 12. c5 Nc8 13. b4 a6 14. a3 N8e7 15.
h3 Bxf3 16. Bxf3 g6 17. Qd3 Bg7 18. Rad1 Qd7 19. Rfe1 Rae8 20. Kh2 Nd8 21. g4
c6 22. Ne2 Ne6 23. Kg2 f5 24. Qd2 g5 25. Bxg5 Ng6 26. gxf5 Rxf5 27. Bg4 Nxg5
28. Ng3 Nh4+ 29. Kh1 Ngf3 30. Qd3 Rxe1+ 31. Rxe1 Nxe1 32. Qb1 Nef3 33. Bxf5
Qxf5 34. Qxf5 Nxf5 35. Nxf5 Nxd4 36. Nd6 Bh6 37. Nxb7 Bc1 38. a4 Ba3 39. b5
cxb5 40. axb5 axb5 41. Kg1 b4 42. c6 Nxc6 43. Nc5 0-1

[Event "Egypt Open 2016"]
[Site "Eastern Company Club"]
[Date "2016.04.28"]
[Round "9"]
[Board "15"]
[White "Elgabry, Mohsen"]
[Black "Magdy, Morad"]
[Result "1/2-1/2"]
[WhiteElo "2365"]
[BlackElo "2083"]
[PlyCount "90"]
[EventDate "2016.04.22"]
[EventRounds "9"]
[EventCountry "EGY"]

1. Nf3 d5 2. g3 Nf6 3. Bg2 c6 4. O-O Bf5 5. d3 h6 6. Nbd2 e6 7. Qe1 Be7 8. e4
Bh7 9. Qe2 O-O 10. Re1 a5 11. h4 Re8 12. e5 Nfd7 13. Nf1 c5 14. N1h2 Nc6 15.
Bf4 b5 16. Ng4 Bf5 17. Nfh2 f6 18. exf6 Nxf6 19. Ne5 Nxe5 20. Bxe5 Nd7 21. f4
Nxe5 22. fxe5 Ra7 23. Rf1 Rf8 24. Rf2 Qe8 25. Raf1 b4 26. Kh1 Rd7 27. Bf3 a4
28. Bg4 Qg6 29. Kg2 Bxh4 30. Qe3 d4 31. Qf3 Rdf7 32. Bxf5 Rxf5 33. Qg4 Rxf2+
34. Rxf2 Rxf2+ 35. Kxf2 Qxg4 36. Nxg4 Bd8 37. Kf3 Bc7 38. Kf4 Kf7 39. Nf2 Bd8
40. Ne4 Be7 41. b3 a3 42. g4 Kg6 43. Kf3 h5 44. Kf4 hxg4 45. Kxg4 Kh6 1/2-1/2

[Event "Egypt Open 2016"]
[Site "Eastern Company Club"]
[Date "2016.04.28"]
[Round "9"]
[Board "16"]
[White "Elnemr, Mohamed"]
[Black "L'ami, Alina"]
[Result "0-1"]
[WhiteElo "2107"]
[BlackElo "2348"]
[PlyCount "86"]
[EventDate "2016.04.22"]
[EventRounds "9"]
[EventCountry "EGY"]

1. d4 Nf6 2. c4 g6 3. Nc3 Bg7 4. e4 d6 5. h3 O-O 6. Be3 Na6 7. Nge2 e5 8. d5
Nc5 9. Qc2 a5 10. g4 h5 11. f3 c6 12. Ng3 h4 13. Nge2 cxd5 14. cxd5 Nh7 15. Rg1
Bd7 16. Nc1 Re8 17. Qf2 Bf6 18. Nd3 b6 19. Nxc5 bxc5 20. a4 Bg5 21. Bb5 Bxb5
22. Nxb5 Qf6 23. Kf1 Rad8 24. Kg2 Rd7 25. Rgc1 Kh8 26. Rc3 Rg8 27. Rb3 Qd8 28.
Na3 f5 29. Qd2 fxe4 30. fxe4 Rf8 31. Rf1 Rxf1 32. Kxf1 Rf7+ 33. Kg2 Qf6 34. Qe2
Bf4 35. Nc4 Ng5 36. Nd2 Qe7 37. Qa6 Qf8 38. Qe2 Qe8 39. Qc4 Kg7 40. Qe2 Qe7 41.
Rb5 Qd8 42. Rb3 Qf6 43. Qf1 Bxe3 0-1

[Event "Egypt Open 2016"]
[Site "Eastern Company Club"]
[Date "2016.04.28"]
[Round "9"]
[Board "17"]
[White "El Ghazali, Youssef M."]
[Black "Abdel Aziz, Ahmed"]
[Result "0-1"]
[WhiteElo "2320"]
[BlackElo "2065"]
[PlyCount "80"]
[EventDate "2016.04.22"]
[EventRounds "9"]
[EventCountry "EGY"]

1. c4 e5 2. Nc3 Nf6 3. g3 d5 4. cxd5 Nxd5 5. Bg2 Nb6 6. d3 Be7 7. Be3 O-O 8.
Rc1 Nc6 9. Bxc6 bxc6 10. Nf3 Nd5 11. Bd2 f6 12. Ne4 Kh8 13. Qa4 Rb8 14. b3 f5
15. Nc5 Rb5 16. Qxa7 e4 17. dxe4 Bxc5 18. Rxc5 fxe4 19. Rxb5 exf3 20. Rb8 Qe7
21. O-O Qxe2 22. Qd4 Qe6 23. Qh4 Qe2 24. Bc1 Qxf1+ 25. Kxf1 Ba6+ 26. Ke1 Rxb8
27. Qe4 Be2 28. a3 Rd8 29. Bd2 h6 30. Qd4 Kg8 31. Qc5 Re8 32. Bc3 Rd8 33. Bd4
Nf6 34. Qe5 Kf7 35. Qc5 Rd5 36. Qa7 c5 37. Qxc7+ Kg6 38. Kd2 cxd4 39. Qc6 Re5
40. Qd6 Kf7 0-1

[Event "Egypt Open 2016"]
[Site "Eastern Company Club"]
[Date "2016.04.28"]
[Round "9"]
[Board "18"]
[White "Ezat, Abdallah"]
[Black "Abo Elkheir, Ahmed"]
[Result "1-0"]
[WhiteElo "2239"]
[BlackElo "2057"]
[PlyCount "107"]
[EventDate "2016.04.22"]
[EventRounds "9"]
[EventCountry "EGY"]

1. d4 Nf6 2. c4 g6 3. Nc3 Bg7 4. e4 d6 5. Be2 O-O 6. Bg5 h6 7. Be3 c5 8. d5 e6
9. Qd2 exd5 10. cxd5 Kh7 11. h3 Re8 12. Bd3 b5 13. f3 b4 14. Nd1 Nbd7 15. Ne2
Ne5 16. Bb5 Bd7 17. Bxd7 Qxd7 18. Rc1 Qb5 19. Nf2 Rab8 20. b3 a5 21. O-O Nh5
22. f4 Nd7 23. g4 Nhf6 24. Ng3 Nb6 25. Rfe1 a4 26. h4 axb3 27. axb3 Nfxd5 28.
exd5 Bc3 29. Qe2 Qxe2 30. Rxe2 Nxd5 31. Nd1 Rxe3 32. Nxe3 Nxe3 33. Rxe3 Bd4 34.
Kf2 Re8 35. Nf1 g5 36. hxg5 hxg5 37. Kf3 Bxe3 38. Nxe3 gxf4 39. Kxf4 Re6 40.
Rd1 Rh6 41. Kg3 Re6 42. Nf5 Kg8 43. Rxd6 Re1 44. Kf4 Rf1+ 45. Ke4 Rb1 46. Rd3
f6 47. Kd5 Rc1 48. Ke6 c4 49. Rd8+ Kh7 50. Rd7+ Kh8 51. bxc4 Rxc4 52. Kf7 Rc2
53. Kg6 Rc8 54. Nh6 1-0

[Event "Egypt Open 2016"]
[Site "Eastern Company Club"]
[Date "2016.04.28"]
[Round "9"]
[Board "19"]
[White "Saber, Ibrahim"]
[Black "Abdel Razik, Ahmed"]
[Result "1-0"]
[WhiteElo "2230"]
[BlackElo "2054"]
[PlyCount "74"]
[EventDate "2016.04.22"]
[EventRounds "9"]
[EventCountry "EGY"]

1. e4 c5 2. Nf3 d6 3. d4 cxd4 4. Nxd4 Nf6 5. Nc3 a6 6. Bg5 Nbd7 7. f4 Qa5 8.
Qf3 h6 9. Bxf6 Nxf6 10. h3 e6 11. O-O-O Be7 12. Kb1 Bd7 13. Nb3 Qc7 14. g4 Bc6
15. Nd4 Nd7 16. Bg2 Bf6 17. Rhe1 Bxd4 18. Rxd4 O-O-O 19. Red1 Ne5 20. Qf2 Rd7
21. h4 Kb8 22. Qd2 Rhd8 23. g5 hxg5 24. hxg5 f6 25. f5 exf5 26. Nd5 Bxd5 27.
Rxd5 Qc6 28. exf5 Rc7 29. g6 Qb6 30. c3 a5 31. Qd3 Rc6 32. Qe2 a4 33. a3 Qb3
34. Qc2 Qc4 35. Rxe5 dxe5 36. Bxc6 Qxc6 37. Rxd8+ Ka7 1-0

[Event "Egypt Open 2016"]
[Site "Eastern Company Club"]
[Date "2016.04.28"]
[Round "9"]
[Board "20"]
[White "Ahmed, Moustafa Elsayed"]
[Black "Abdel Moniem, Mohamed"]
[Result "1/2-1/2"]
[WhiteElo "2097"]
[BlackElo "2176"]
[PlyCount "59"]
[EventDate "2016.04.22"]
[EventRounds "9"]
[EventCountry "EGY"]

1. d4 d5 2. c4 dxc4 3. Nc3 a6 4. e3 e6 5. Bxc4 Nf6 6. Nf3 b5 7. Bd3 Bb7 8. O-O
Nbd7 9. e4 Be7 10. Qe2 c5 11. Rd1 cxd4 12. Nxd4 O-O 13. e5 Nd5 14. Nxe6 fxe6
15. Qh5 h6 16. Qg6 Nxe5 17. Qxe6+ Kh8 18. Qxe5 Nxc3 19. Bxh6 Rf6 20. Bxg7+ Kxg7
21. bxc3 Qd6 22. Qg5+ Kh8 23. Be4 Qb6 24. Qh4+ Kg7 25. Qh7+ Kf8 26. Qh8+ Kf7
27. Qh5+ Kf8 28. Qh8+ Kf7 29. Qh5+ Kf8 30. Qh8+ 1/2-1/2

[Event "Egypt Open 2016"]
[Site "Eastern Company Club"]
[Date "2016.04.28"]
[Round "9"]
[Board "21"]
[White "Lotfy, Abdel Rahman"]
[Black "Khalil, Hany"]
[Result "1-0"]
[WhiteElo "2156"]
[BlackElo "2036"]
[PlyCount "66"]
[EventDate "2016.04.22"]
[EventRounds "9"]
[EventCountry "EGY"]

1. d4 Nf6 2. c4 e6 3. Nf3 b6 4. a3 Bb7 5. Nc3 d5 6. Qc2 Be7 7. cxd5 exd5 8. Bg5
Nbd7 9. e3 O-O 10. Bd3 h6 11. Bh4 c5 12. Rd1 Re8 13. O-O Rc8 14. Ne5 Nxe5 15.
dxe5 Ng4 16. Bg3 h5 17. Bh7+ Kh8 18. Bf5 Ra8 19. Bxg4 hxg4 20. Qf5 Kg8 21. Qxg4
Bc8 22. Qh5 Be6 23. f4 g6 24. Qf3 d4 25. exd4 cxd4 26. Bf2 Bc5 27. Ne4 Kg7 28.
b4 Be7 29. Bxd4 a5 30. g4 axb4 31. axb4 Bxb4 32. f5 Bd5 33. e6+ Kf8 1-0

[Event "Egypt Open 2016"]
[Site "Eastern Company Club"]
[Date "2016.04.28"]
[Round "9"]
[Board "22"]
[White "Elazzawy, Walid"]
[Black "Zayan, Mohamed"]
[Result "0-1"]
[WhiteElo "1918"]
[BlackElo "2154"]
[PlyCount "77"]
[EventDate "2016.04.22"]
[EventRounds "9"]
[EventCountry "EGY"]

1. d4 Nf6 2. c4 c5 3. d5 b5 4. cxb5 a6 5. bxa6 Bxa6 6. Nc3 g6 7. Nf3 Bg7 8. e4
Bxf1 9. Kxf1 d6 10. g3 O-O 11. Kg2 Nbd7 12. Qe2 Qa5 13. a4 Rfb8 14. Ra3 Nb6 15.
Nd2 Nfd7 16. Nd1 Nxa4 17. b3 Nc3 18. Qg4 Qc7 19. Rxa8 Rxa8 20. Nxc3 Bxc3 21.
Nc4 Rb8 22. Qf3 Bd4 23. Bf4 Qa7 24. Rd1 Qa2 25. Rd3 Nb6 26. Nxb6 Rxb6 27. Bg5
Qc2 28. Bh6 Rb8 29. h4 Bf6 30. h5 Rb5 31. Qg4 Rb8 32. Qf3 Qb1 33. Re3 Ra8 34.
Qg4 Bg7 35. Bg5 h6 36. Bxe7 Ra1 37. Qc8+ Kh7 38. hxg6+ fxg6 39. Kf3 0-1

[Event "Egypt Open 2016"]
[Site "Eastern Company Club"]
[Date "2016.04.28"]
[Round "9"]
[Board "23"]
[White "Aboutail, Mohamed"]
[Black "Nader, Mohamed"]
[Result "1-0"]
[WhiteElo "2078"]
[BlackElo "2152"]
[PlyCount "89"]
[EventDate "2016.04.22"]
[EventRounds "9"]
[EventCountry "EGY"]

1. c4 Nf6 2. g3 c6 3. Bg2 d5 4. Nf3 Bf5 5. O-O e6 6. b3 h6 7. Bb2 Be7 8. d3 O-O
9. Nbd2 Nbd7 10. Qc2 Rc8 11. Rac1 Bc5 12. Qb1 b5 13. b4 Be7 14. cxb5 cxb5 15.
Rxc8 Qxc8 16. Nd4 Bg4 17. Rc1 Qb7 18. Nc6 Bd6 19. e4 Rc8 20. Na5 Rxc1+ 21. Qxc1
Qc7 22. Qxc7 Bxc7 23. Nc6 dxe4 24. dxe4 a6 25. e5 Nd5 26. h3 Be2 27. Bxd5 exd5
28. Ne7+ Kf8 29. Nxd5 Bxe5 30. Bxe5 Nxe5 31. Nc7 Bc4 32. a3 Be6 33. f4 Nc4 34.
Nxe6+ fxe6 35. Nxc4 bxc4 36. Kf2 Ke7 37. Ke3 Kf6 38. Ke4 g5 39. fxg5+ hxg5 40.
a4 e5 41. b5 axb5 42. axb5 Ke6 43. h4 gxh4 44. gxh4 Kd6 45. h5 1-0

[Event "Egypt Open 2016"]
[Site "Eastern Company Club"]
[Date "2016.04.28"]
[Round "9"]
[Board "25"]
[White "Allam, Emad Hamdy"]
[Black "Ibrahim, Mohamed"]
[Result "0-1"]
[WhiteElo "2030"]
[BlackElo "2137"]
[PlyCount "74"]
[EventDate "2016.04.22"]
[EventRounds "9"]
[EventCountry "EGY"]

1. c4 c6 2. Nf3 d5 3. e3 Nf6 4. Nc3 e6 5. d4 Nbd7 6. Bd3 g6 7. O-O Bg7 8. b3
O-O 9. Ba3 Re8 10. Bd6 b6 11. h3 Bb7 12. Rc1 Rc8 13. Bh2 a6 14. Qe2 Ra8 15. b4
a5 16. cxd5 exd5 17. a3 Ne4 18. Bxe4 dxe4 19. Nd2 Ba6 20. b5 cxb5 21. Nxb5 Nf6
22. a4 Rc8 23. Nc4 Bxb5 24. axb5 Bf8 25. Ne5 Nd5 26. Qa2 Rxc1 27. Rxc1 f6 28.
Ng4 Kg7 29. Qc4 h5 30. Bc7 Nxc7 31. Qxc7+ Qxc7 32. Rxc7+ Re7 33. Rxe7+ Bxe7 34.
Nh2 a4 35. Nf1 a3 36. Nd2 a2 37. Nb3 Bb4 0-1

[Event "Egypt Open 2016"]
[Site "Eastern Company Club"]
[Date "2016.04.28"]
[Round "9"]
[Board "28"]
[White "Imam, Ashraf"]
[Black "Yousry, Mohamed"]
[Result "0-1"]
[WhiteElo "2061"]
[BlackElo "2267"]
[PlyCount "51"]
[EventDate "2016.04.22"]
[EventRounds "9"]
[EventCountry "EGY"]

1. e4 e6 2. Nf3 d5 3. exd5 exd5 4. d4 Bd6 5. h3 Bf5 6. Bd3 Qd7 7. O-O Ne7 8.
Nc3 Nbc6 9. Nb5 O-O-O 10. Nxd6+ Qxd6 11. c3 f6 12. b4 g5 13. b5 Nb8 14. c4 Qd7
15. Nh2 h5 16. c5 Rhg8 17. Re1 Ng6 18. Bxf5 Qxf5 19. Qd2 Rde8 20. a3 Qf4 21.
Qxf4 Nxf4 22. Rxe8+ Rxe8 23. g3 Ng6 24. Nf1 f5 25. Bb2 Re2 26. Bc3 0-1

[Event "Egypt Open 2016"]
[Site "Eastern Company Club"]
[Date "2016.04.28"]
[Round "9"]
[Board "30"]
[White "Kamel, Mahmoud"]
[Black "Kamal Abdel Fadil, Wael"]
[Result "1-0"]
[WhiteElo "2223"]
[BlackElo "2031"]
[PlyCount "67"]
[EventDate "2016.04.22"]
[EventRounds "9"]
[EventCountry "EGY"]

1. e4 e5 2. Nf3 Nc6 3. Nc3 Nf6 4. d3 Bc5 5. Nxe5 Nxe5 6. d4 Qe7 7. dxc5 Qxc5 8.
Be3 Qe7 9. Be2 d6 10. O-O h6 11. h3 a6 12. f4 Nc6 13. Bf3 O-O 14. Qd2 Bd7 15.
Rae1 Rad8 16. Nd5 Nxd5 17. exd5 Nb8 18. Bb6 Qf6 19. Bxc7 Rc8 20. Bxb8 Rxb8 21.
c4 b5 22. cxb5 Bxb5 23. Rf2 Rfe8 24. Rxe8+ Rxe8 25. Kh2 Rc8 26. g3 Rc4 27. Kg2
h5 28. h4 Qf5 29. Kh2 Ba4 30. Bg2 Rc2 31. Qd4 Bb5 32. Qb6 Qd3 33. f5 Qxf5 34.
Rxf5 1-0

[Event "Egypt Open 2016"]
[Site "Eastern Company Club"]
[Date "2016.04.28"]
[Round "9"]
[Board "35"]
[White "Abdou, Mohamed Hamdy"]
[Black "Maher, Anton"]
[Result "1-0"]
[WhiteElo "2102"]
[BlackElo "1795"]
[PlyCount "64"]
[EventDate "2016.04.22"]
[EventRounds "9"]
[EventCountry "EGY"]

1. c4 c5 2. Nf3 Nc6 3. g3 g6 4. Bg2 Bg7 5. O-O Nf6 6. d4 O-O 7. Nc3 cxd4 8.
Nxd4 e5 9. Ndb5 Ne8 10. Ne4 f5 11. Bg5 Ne7 12. Ned6 Nf6 13. Qd2 a6 14. Nc3 Rb8
15. Rad1 Qc7 16. Nd5 Nexd5 17. Bxd5+ Kh8 18. Nf7+ Rxf7 19. Bxf7 Ne4 20. Qe3 b5
21. Rc1 bxc4 22. Rxc4 Qa5 23. Qa7 Qb5 24. Be3 Bf8 25. Rfc1 Nd6 26. Rc5 Qxb2 27.
Bb3 Rb7 28. Qa8 f4 29. Rxc8 fxe3 30. Rxf8+ Kg7 31. Rg8+ Kh6 32. Qf8+ Kh5 1-0